000 00411nam a2200133Ia 4500
008 211109s9999||||xx |||||||||||||| ||und||
082 _a894.8123
_bKAK-E
100 _aKakkanadan,
245 0 _aEdavapathi
260 _bFrom Fr Gregory Karikamparampil No 1006
_aEndowment, Current B
_c1900
630 _xGENERAL STACK
650 _aLiterature
_vMalayalam Literature
_xMalayalam NovelStoryMalayalam
942 _cBOOK
999 _c47743
_d47743